000 00237nam a2200085Ia 4500
245 0 _aXivandza-nyongeni
100 _a NGOBENI, M T. Pietermaritzburg, 2003 1st ed
_978753
942 _cBK
008 210817s9999 xx 000 0 und d
999 _c272715
_d272714